Normal view
MARC view
- HARITHA J
Entry Personal Name
001 - CONTROL NUMBER
- control field: 3977
003 - CONTROL NUMBER IDENTIFIER
- control field: OSt
005 - DATE AND TIME OF LATEST TRANSACTION
- control field: 20181119151347.0
008 - FIXED-LENGTH DATA ELEMENTS
- fixed length control field: 181119|| aca||aabn | a|a d
040 ## - CATALOGING SOURCE
- Original cataloging agency: OSt
- Transcribing agency: OSt
100 ## - HEADING--PERSONAL NAME
- Personal name: HARITHA J
670 ## - SOURCE DATA FOUND
- Source citation: Work cat.: (OSt)14904: HARITHA J KAVYA P.S SONIYA P.V, Development and Evaluation of Jackfruit Bulb Slicer
